Weekdays in Spanish - Statistics

General Stats
  • This quiz has been taken 52 times
  • The average score is 6 of 7
Answer Stats
English Spanish % Correct
Monday Lunes
96%
Wednesday Miercoles
96%
Sunday Domingo
91%
Saturday Sabado
91%
Friday Viernes
87%
Thursday Jueves
78%
Tuesday Martes
78%
No matching quizzes found
Score Distribution
Percent of People with Each Score
Percentile by Number Answered
Your Score History
You have not taken this quiz